Statistiques concernant Culture générale par lettre - M.

Cliquez ici pour prendre le quiz!

Statistiques générales

  • Ce quiz a été pris 2 282 fois
  • Le résultat moyen est 12 sur 15

Statistiques - réponses

QuestionsRéponses% Correct
Animal de la famille des éléphants, aujourd'hui éteint.Mammouth
97%
Petit plombier rouge, héros de jeu vidéo.Mario
96%
Footballeur Argentin prénommé Lionel, évoluant au PSG durant la saison 2021-2022.Messi
95%
Dramaturge français, auteur de "Le malade imaginaire" ou "L'avare".Molière
95%
Nom des dents qui servent principalement à broyer les aliments.Molaires
94%
Édifice Allemand détruit le 9 novembre 1989.Mur de Berlin
93%
Leader mondial de fabrication de pneumatiques, situé à Clermont-Ferrand.Michelin
91%
Constructeur automobile et Utilitaire Allemand, produisant des modèles comme la "Classe A" ou le "Vito".Mercedes-Benz
87%
Chanteuse Américaine, née en 1958, interprète de "Like a Virgin" et "Hung Up".Madonna
85%
Désigne avec la faucille un symbole graphique utilisé pour représenter le communisme dans sa variante léniniste.Marteau
80%
Mot espagnol pour "femme".Mujer
75%
Série TV américaine, racontant la vie du héros et des ces frères, Reese, Dewee et Francis.Malcolm
72%
Sa capitale est Antananarivo.Madagascar
68%
Fruit, spécialité de la ville de Cavaillon.Melon
61%
Instruments de musique de percussion de la famille des idiophones, aujourd'hui très répandus dans la musique latine et antillaise.Maracas
60%

Distribution des résultats

Percentile par nombre de réponses

% des personnes avec chaque résultat

Votre développement - résultats

Vous n’avez pas pris ce quiz